Letter to industry: Registration of the Building Control Profession (Record no. 121850)

MARC details
000 -LEADER
fixed length control field 01133nam a22002177a 4500
005 - DATE AND TIME OF LATEST TRANSACTION
control field 20240314165730.0
008 - FIXED-LENGTH DATA ELEMENTS--GENERAL INFORMATION
fixed length control field 240314e20240314|xx|||||o||||o00| 0 eng d
110 1# - MAIN ENTRY--CORPORATE NAME
Corporate name or jurisdiction name as entry element Health and Safety Executive
9 (RLIN) 491
245 ## - TITLE STATEMENT
Title Letter to industry: Registration of the Building Control Profession
Remainder of title – transitional arrangements
260 ## - PUBLICATION, DISTRIBUTION, ETC.
Name of publisher, distributor, etc. HSE,
Date of publication, distribution, etc. 14 March 2024
520 ## - SUMMARY, ETC.
Summary, etc. Letter to the Building Control industry outlining new transitional arrangements for the registration of building control inspectors in England. In particular a competence assessment extension period of 13 weeks will be introduced from 6 April to 6 July 2024 to enable those who meet specific criteria to continue to operate.
610 10 - SUBJECT ADDED ENTRY--CORPORATE NAME
Corporate name or jurisdiction name as entry element Health and Safety Executive
9 (RLIN) 491
650 ## - SUBJECT ADDED ENTRY--TOPICAL TERM
Topical term or geographic name entry element BUILDING CONTROL
650 ## - SUBJECT ADDED ENTRY--TOPICAL TERM
Topical term or geographic name entry element BUILDING SAFETY
650 ## - SUBJECT ADDED ENTRY--TOPICAL TERM
Topical term or geographic name entry element COMPETENCE ASSESSMENT
650 ## - SUBJECT ADDED ENTRY--TOPICAL TERM
Topical term or geographic name entry element FIRE SAFETY
650 ## - SUBJECT ADDED ENTRY--TOPICAL TERM
Topical term or geographic name entry element HEALTH AND SAFETY
690 ## - LOCAL SUBJECT ADDED ENTRY--TOPICAL TERM (OCLC, RLIN)
Topical term or geographic name as entry element Building control
9 (RLIN) 6222
856 ## - ELECTRONIC LOCATION AND ACCESS
Uniform Resource Identifier <a href="https://press.hse.gov.uk/2024/03/14/letter-to-industry-registration-of-the-building-control-profession-transitional-arrangements/">https://press.hse.gov.uk/2024/03/14/letter-to-industry-registration-of-the-building-control-profession-transitional-arrangements/</a>
Public note Letter available on HSE.gov.uk
942 ## - ADDED ENTRY ELEMENTS (KOHA)
Source of classification or shelving scheme Dewey Decimal Classification
Holdings
Withdrawn status Lost status Damaged status Not for loan Home library Current library Shelving location Date acquired Total Checkouts Date last seen Price effective from Koha item type
        London Virtual Online 14/03/2024   14/03/2024 14/03/2024 News article